[Event "Asuncion"]
[Site "Asuncion"]
[Date "2012.01.14"]
[Round "6"]
[White "Delgado Ramirez, Neuris"]
[Black "Diaz Hollemaert, Nahuel Carlos"]
[Result "1-0"]
[WhiteElo "2575"]
[BlackElo "2441"]
[PlyCount "51"]
[EventDate "2012.01.09"]
[EventType "tourn"]
[EventRounds "9"]
[EventCountry "PAR"]
[EventCategory "5"]
[SourceTitle "CBM 146 Extra"]
[Source "ChessBase"]
[SourceDate "2012.02.29"]
[SourceVersion "1"]
[SourceVersionDate "2012.02.29"]
[SourceQuality "1"]

1. e4 e5 2. Nf3 Nc6 3. Bb5 g6 4. Bxc6 dxc6 5. d3 Bg7 6. Be3 Qe7 7. Qd2 Bg4 8.
Ng1 Be6 9. Qc3 f5 10. Nf3 Bd7 11. Nbd2 b6 12. Bg5 Qe6 13. O-O h6 14. exf5 gxf5
15. Bf4 exf4 16. Qxg7 Qf6 17. Rae1+ Kd8 18. Re7 Be8 19. Rfe1 Qxg7 20. Rxg7 Nf6
21. Nd4 Rh7 22. Rxh7 Nxh7 23. Nxf5 h5 24. Re4 Bg6 25. Rxf4 Kd7 26. Nh4 1-0

[Event "Asuncion"]
[Site "Asuncion"]
[Date "2012.01.16"]
[Round "7"]
[White "Espinoza Palomino, Willyam"]
[Black "Delgado Ramirez, Neuris"]
[Result "0-1"]
[WhiteElo "2361"]
[BlackElo "2575"]
[PlyCount "90"]
[EventDate "2012.01.09"]
[EventType "tourn"]
[EventRounds "9"]
[EventCountry "PAR"]
[EventCategory "5"]
[SourceTitle "CBM 146 Extra"]
[Source "ChessBase"]
[SourceDate "2012.02.29"]
[SourceVersion "1"]
[SourceVersionDate "2012.02.29"]
[SourceQuality "1"]

1. e4 c5 2. Nf3 d6 3. d4 cxd4 4. Nxd4 Nf6 5. Nc3 a6 6. Be3 e5 7. Nb3 Be6 8. f3
h5 9. Qd2 Nbd7 10. O-O-O Rc8 11. Kb1 Be7 12. h3 b5 13. Nd5 Bxd5 14. exd5 Nb6
15. Bxb6 Qxb6 16. Bd3 h4 17. Rhe1 Nh5 18. Nc1 Nf4 19. Bf5 Rc5 20. Qf2 g6 21.
Nd3 Nxd3 22. Bxd3 Qd8 23. f4 exf4 24. Qxf4 O-O 25. Qf3 Bf6 26. Re2 Bg7 27. c3
Qg5 28. Bc2 a5 29. Qe3 Qh5 30. Qf3 Qxf3 31. gxf3 Be5 32. Re4 f5 33. Rxh4 Bf6
34. Rf4 Rfc8 35. a3 Kg7 36. Bb3 Rh8 37. Rg1 Kf7 38. a4 Be5 39. Rd4 Bxd4 40.
cxd4 Rcc8 41. axb5 Rxh3 42. Rf1 Rch8 43. Ka2 Rh1 44. Rxh1 Rxh1 45. b6 Rh8 0-1

[Event "Asuncion"]
[Site "Asuncion"]
[Date "2012.01.17"]
[Round "8"]
[White "Delgado Ramirez, Neuris"]
[Black "Vazquez, Guillermo"]
[Result "1-0"]
[WhiteElo "2575"]
[BlackElo "2273"]
[PlyCount "65"]
[EventDate "2012.01.09"]
[EventType "tourn"]
[EventRounds "9"]
[EventCountry "PAR"]
[EventCategory "5"]
[SourceTitle "CBM 146 Extra"]
[Source "ChessBase"]
[SourceDate "2012.02.29"]
[SourceVersion "1"]
[SourceVersionDate "2012.02.29"]
[SourceQuality "1"]

1. e4 c5 2. Nf3 e6 3. b3 a6 4. Bb2 Nc6 5. c4 Qc7 6. Nc3 Nf6 7. g3 Rb8 8. Rc1
Nd4 9. Bg2 d6 10. O-O Be7 11. Ne2 e5 12. Nfxd4 cxd4 13. h3 O-O 14. f4 a5 15. g4
Nd7 16. d3 Qd8 17. Ng3 g6 18. Rc2 Nc5 19. Rcf2 Bd7 20. Bc1 Bh4 21. Rf3 Ne6 22.
Ne2 exf4 23. Bxf4 Nxf4 24. Nxf4 b5 25. Nd5 Bc6 26. Nf6+ Bxf6 27. Rxf6 Qe7 28.
g5 Qe5 29. Qf3 Qxg5 30. Rxf7 Qh6 31. Qf6 Rbe8 32. c5 dxc5 33. Qxc6 1-0

[Event "Asuncion"]
[Site "Asuncion"]
[Date "2012.01.18"]
[Round "9"]
[White "Saldano Dayer, Horacio"]
[Black "Delgado Ramirez, Neuris"]
[Result "0-1"]
[WhiteElo "2441"]
[BlackElo "2575"]
[PlyCount "74"]
[EventDate "2012.01.09"]
[EventType "tourn"]
[EventRounds "9"]
[EventCountry "PAR"]
[EventCategory "5"]
[SourceTitle "CBM 146 Extra"]
[Source "ChessBase"]
[SourceDate "2012.02.29"]
[SourceVersion "1"]
[SourceVersionDate "2012.02.29"]
[SourceQuality "1"]

1. e4 c5 2. Nc3 Nc6 3. Nf3 d6 4. d4 cxd4 5. Nxd4 Nf6 6. g3 e5 7. Nb3 Be7 8. Bg2
Bg4 9. Bf3 Be6 10. Nd5 O-O 11. g4 Nd7 12. Be3 a5 13. Qd2 a4 14. Nc1 Bxd5 15.
exd5 Nd4 16. Bd1 f5 17. c3 f4 18. Bxd4 exd4 19. cxd4 f3 20. h4 Bxh4 21. Rh3 Nf6
22. Bxf3 Qe7+ 23. Kd1 g5 24. Nd3 Rae8 25. Rc1 Qd7 26. Kc2 Ne4 27. Bxe4 Rxe4 28.
f3 Rxd4 29. Kb1 Qb5 30. Rxh4 gxh4 31. Qg5+ Kh8 32. Ne5 Qe8 33. Rc8 Rd1+ 34. Kc2
Qxc8+ 35. Kxd1 Qe8 36. Nc4 h3 37. Qh6 Rxf3 0-1

[Event "Asuncion2"]
[Site "Asuncion"]
[Date "2012.01.20"]
[Round "1"]
[White "Valiente, Cristobal"]
[Black "Delgado Ramirez, Neuris"]
[Result "1-0"]
[WhiteElo "2261"]
[BlackElo "2575"]
[PlyCount "115"]
[EventDate "2012.01.20"]
[EventType "tourn"]
[EventRounds "9"]
[EventCountry "PAR"]
[EventCategory "1"]
[SourceTitle "CBM 146 Extra"]
[Source "ChessBase"]
[SourceDate "2012.02.29"]
[SourceVersion "1"]
[SourceVersionDate "2012.02.29"]
[SourceQuality "1"]

1. c4 e5 2. Nc3 Bb4 3. Nd5 Be7 4. d4 d6 5. Nf3 e4 6. Nd2 c6 7. Nxe7 Qxe7 8. e3
Nf6 9. Be2 c5 10. Nb3 h5 11. Bd2 Nc6 12. O-O Bg4 13. h3 Bxe2 14. Qxe2 g5 15.
Bc3 Rh6 16. Rad1 Nd7 17. dxc5 dxc5 18. Rd5 b6 19. f3 O-O-O 20. fxe4 Nce5 21.
Rf5 f6 22. Nd2 Rg8 23. Qd1 Nc6 24. Qa4 Kc7 25. a3 a5 26. g3 Rh7 27. Kh2 Ra8 28.
Qc2 Nce5 29. Kg2 Rg7 30. b3 Re8 31. Qb1 Nc6 32. Qd1 Rh7 33. Qf1 Rf7 34. Qd1 Rh7
35. Qf1 Rf8 36. Qe2 Qe6 37. Rf1 Ne7 38. b4 axb4 39. axb4 Ra8 40. bxc5 bxc5 41.
Qd3 Rhh8 42. Rf2 Rhb8 43. e5 Nc6 44. exf6 g4 45. Ne4 gxh3+ 46. Kh2 h4 47. Rd6
hxg3+ 48. Kxg3 Rg8+ 49. Kh2 Qg4 50. Rxc6+ Kd8 51. Qb1 Qh5 52. Rxc5 Qh4 53. f7
Rg2+ 54. Rxg2 hxg2+ 55. Kxg2 Ke7 56. Rf5 Rb8 57. Bb4+ Ke6 58. Ng5+ 1-0

[Event "Asuncion2"]
[Site "Asuncion"]
[Date "2012.01.21"]
[Round "2"]
[White "Delgado Ramirez, Neuris"]
[Black "Guimaraes, Wagner Peixoto"]
[Result "1-0"]
[WhiteElo "2575"]
[BlackElo "2259"]
[PlyCount "63"]
[EventDate "2012.01.20"]
[EventType "tourn"]
[EventRounds "9"]
[EventCountry "PAR"]
[EventCategory "1"]
[SourceTitle "CBM 146 Extra"]
[Source "ChessBase"]
[SourceDate "2012.02.29"]
[SourceVersion "1"]
[SourceVersionDate "2012.02.29"]
[SourceQuality "1"]

1. e4 e6 2. d4 d5 3. Nd2 Nc6 4. Ngf3 Nf6 5. e5 Nd7 6. c3 f6 7. Bb5 Ncb8 8. exf6
Qxf6 9. Nf1 Bd6 10. Bg5 Qf7 11. Ne3 O-O 12. Bh4 Qh5 13. Bg3 Bxg3 14. fxg3 c6
15. Be2 Qe8 16. Ng4 c5 17. O-O Nc6 18. Bd3 Qe7 19. Qc2 g6 20. Rae1 cxd4 21.
cxd4 Qg7 22. Qd2 Nxd4 23. Nh6+ Kh8 24. Ng5 Nf6 25. g4 e5 26. Rxe5 Bxg4 27. Rxf6
Qxf6 28. Nxg4 Qb6 29. Kh1 Qc5 30. Re1 Rac8 31. Qe3 Rce8 32. Nf7+ 1-0

[Event "Asuncion2"]
[Site "Asuncion"]
[Date "2012.01.22"]
[Round "3"]
[White "Soppe, Guillermo"]
[Black "Delgado Ramirez, Neuris"]
[Result "1/2-1/2"]
[WhiteElo "2424"]
[BlackElo "2575"]
[PlyCount "79"]
[EventDate "2012.01.20"]
[EventType "tourn"]
[EventRounds "9"]
[EventCountry "PAR"]
[EventCategory "1"]
[SourceTitle "CBM 146 Extra"]
[Source "ChessBase"]
[SourceDate "2012.02.29"]
[SourceVersion "1"]
[SourceVersionDate "2012.02.29"]
[SourceQuality "1"]

1. Nf3 Nf6 2. d4 e6 3. Nbd2 c5 4. e3 b6 5. Bd3 Bb7 6. O-O Be7 7. c3 Nc6 8. e4
d6 9. Re1 Rc8 10. d5 exd5 11. exd5 Nxd5 12. Nc4 Nc7 13. Bf4 Ne6 14. Bg3 d5 15.
Nce5 Bf6 16. Bf5 Nxe5 17. Nxe5 Bxe5 18. Rxe5 O-O 19. Rxe6 fxe6 20. Bxe6+ Kh8
21. Bxc8 Qxc8 22. Qd2 Re8 23. f3 h6 24. Re1 Rxe1+ 25. Qxe1 Qd7 26. Qd2 Qf5 27.
Qd1 Ba6 28. h4 Bc4 29. a3 Qe6 30. Qd2 a5 31. Kh2 a4 32. Qe1 Qd7 33. Qd2 Kg8 34.
Bf2 Qf5 35. Bg3 Qd7 36. Bf2 Qb5 37. Bg3 Bd3 38. Be5 Qc4 39. Qf4 Qxf4+ 40. Bxf4
1/2-1/2

[Event "Asuncion2"]
[Site "Asuncion"]
[Date "2012.01.23"]
[Round "4"]
[White "Delgado Ramirez, Neuris"]
[Black "Quinones Paucar, Cesar"]
[Result "1-0"]
[WhiteElo "2575"]
[BlackElo "2278"]
[PlyCount "73"]
[EventDate "2012.01.20"]
[EventType "tourn"]
[EventRounds "9"]
[EventCountry "PAR"]
[EventCategory "1"]
[SourceTitle "CBM 146 Extra"]
[Source "ChessBase"]
[SourceDate "2012.02.29"]
[SourceVersion "1"]
[SourceVersionDate "2012.02.29"]
[SourceQuality "1"]

1. e4 e5 2. Nf3 Nc6 3. Bb5 a6 4. Ba4 Nf6 5. Qe2 b5 6. Bb3 Be7 7. c3 O-O 8. O-O
d6 9. Rd1 Na5 10. Bc2 c5 11. d4 Qc7 12. d5 Bd7 13. Nbd2 Rfe8 14. Nf1 g6 15. h3
Bf8 16. N3h2 Bg7 17. Qf3 h5 18. b3 Qc8 19. Qg3 Nb7 20. c4 a5 21. a4 b4 22. Re1
Nh7 23. Rb1 Qd8 24. f4 exf4 25. Bxf4 h4 26. Qf2 Bd4 27. Be3 Bc3 28. Nd2 Be5 29.
Rf1 Qe7 30. Nhf3 Bg3 31. Qe2 Kg7 32. Bf2 Bxf2+ 33. Qxf2 g5 34. e5 dxe5 35. Nxe5
Nd6 36. Rbe1 f5 37. Qxc5 1-0

[Event "Asuncion2"]
[Site "Asuncion"]
[Date "2012.01.24"]
[Round "5"]
[White "Zacarias, M Ruben D"]
[Black "Delgado Ramirez, Neuris"]
[Result "0-1"]
[WhiteElo "2162"]
[BlackElo "2575"]
[PlyCount "76"]
[EventDate "2012.01.20"]
[EventType "tourn"]
[EventRounds "9"]
[EventCountry "PAR"]
[EventCategory "1"]
[SourceTitle "CBM 146 Extra"]
[Source "ChessBase"]
[SourceDate "2012.02.29"]
[SourceVersion "1"]
[SourceVersionDate "2012.02.29"]
[SourceQuality "1"]

1. e4 c5 2. Nf3 d6 3. c3 Nf6 4. h3 Nc6 5. Bd3 d5 6. e5 Nd7 7. Bb5 Qb6 8. Qa4 c4
9. d4 a6 10. Bxc6 Qxc6 11. Qxc6 bxc6 12. b3 Nb6 13. Nbd2 Bf5 14. Ba3 e6 15.
Bxf8 Kxf8 16. Nf1 Ke7 17. Ne3 Be4 18. Ng5 Bd3 19. f4 Rhb8 20. Kd2 Nd7 21. Nf3
Be4 22. b4 a5 23. a3 Rb7 24. Nc2 Rba7 25. Rab1 axb4 26. axb4 Ra2 27. Rhc1 f6
28. Nfe1 fxe5 29. fxe5 Rf8 30. Ke2 g5 31. Ra1 Rb2 32. Rab1 Rb3 33. Rxb3 cxb3
34. Na3 Ra8 35. Nb1 Ra2+ 36. Ke3 Nb6 37. Nd2 b2 38. Rd1 b1=Q 0-1

[Event "Asuncion2"]
[Site "Asuncion"]
[Date "2012.01.25"]
[Round "6"]
[White "Goiriz, Yahari Damian"]
[Black "Delgado Ramirez, Neuris"]
[Result "0-1"]
[WhiteElo "2106"]
[BlackElo "2575"]
[PlyCount "86"]
[EventDate "2012.01.20"]
[EventType "tourn"]
[EventRounds "9"]
[EventCountry "PAR"]
[EventCategory "1"]
[SourceTitle "CBM 146 Extra"]
[Source "ChessBase"]
[SourceDate "2012.02.29"]
[SourceVersion "1"]
[SourceVersionDate "2012.02.29"]
[SourceQuality "1"]

1. e4 c5 2. Nf3 d6 3. d4 cxd4 4. Nxd4 Nf6 5. Nc3 e6 6. Bg5 Be7 7. Qd2 a6 8.
O-O-O O-O 9. f4 Qc7 10. g4 b5 11. Bxf6 Bxf6 12. g5 Bxd4 13. Qxd4 Rd8 14. Bd3
Bb7 15. Qf2 Nd7 16. f5 exf5 17. Qxf5 Ne5 18. Nd5 Bxd5 19. exd5 g6 20. Qe4 Re8
21. Rhe1 Rac8 22. Kb1 Qc5 23. a3 a5 24. h4 Rb8 25. h5 b4 26. a4 b3 27. c3 Re7
28. Bb5 gxh5 29. Rh1 Ng6 30. Qe2 h4 31. Bd3 Rbe8 32. Qg4 Qf2 33. Bxg6 fxg6 34.
Qxh4 Qxh4 35. Rxh4 Re4 36. Rxe4 Rxe4 37. Rc1 Rg4 38. c4 Rxg5 39. Rd1 Kf7 40.
Kc1 Rg4 41. Rd3 Rxc4+ 42. Kd1 Rxa4 43. Rxb3 Rd4+ 0-1

[Event "Asuncion2"]
[Site "Asuncion"]
[Date "2012.01.26"]
[Round "7"]
[White "Delgado Ramirez, Neuris"]
[Black "Roman, Rodrigo"]
[Result "1-0"]
[WhiteElo "2575"]
[BlackElo "2053"]
[PlyCount "53"]
[EventDate "2012.01.20"]
[EventType "tourn"]
[EventRounds "9"]
[EventCountry "PAR"]
[EventCategory "1"]
[SourceTitle "CBM 146 Extra"]
[Source "ChessBase"]
[SourceDate "2012.02.29"]
[SourceVersion "1"]
[SourceVersionDate "2012.02.29"]
[SourceQuality "1"]

1. e4 e6 2. d4 d5 3. Nd2 dxe4 4. Nxe4 Nd7 5. Nf3 Ngf6 6. Nxf6+ Nxf6 7. Bd3 Be7
8. O-O O-O 9. Ne5 c5 10. c3 Qc7 11. Be3 cxd4 12. Bxd4 Bc5 13. Bxc5 Qxc5 14. Re1
Qb6 15. b4 Rd8 16. Qf3 Qc7 17. c4 Bd7 18. Rad1 Ba4 19. Rd2 Qe7 20. a3 Rab8 21.
Qh3 g6 22. Qh4 Nd5 23. Qh6 Nf6 24. Re3 Nd7 25. Rh3 Nf8 26. Qe3 Qf6 27. Rf3 1-0

[Event "Asuncion2"]
[Site "Asuncion"]
[Date "2012.01.27"]
[Round "8"]
[White "Latorre, Manuel"]
[Black "Delgado Ramirez, Neuris"]
[Result "0-1"]
[WhiteElo "2299"]
[BlackElo "2575"]
[PlyCount "72"]
[EventDate "2012.01.20"]
[EventType "tourn"]
[EventRounds "9"]
[EventCountry "PAR"]
[EventCategory "1"]
[SourceTitle "CBM 146 Extra"]
[Source "ChessBase"]
[SourceDate "2012.02.29"]
[SourceVersion "1"]
[SourceVersionDate "2012.02.29"]
[SourceQuality "1"]

1. Nf3 Nf6 2. c4 e6 3. g3 a6 4. Nc3 d5 5. cxd5 exd5 6. Bg2 Be7 7. O-O O-O 8. d3
d4 9. Ne4 Nxe4 10. dxe4 c5 11. e3 Nc6 12. exd4 cxd4 13. Ne1 Be6 14. b3 Bb4 15.
Bb2 Bc3 16. Nd3 Qa5 17. f4 f6 18. Rf2 Rad8 19. a3 Qb5 20. Nc1 Rfe8 21. Bf1 Qb6
22. Bd3 Bf7 23. Rb1 Na7 24. a4 Nc6 25. Ba3 Bg6 26. Qf3 Bf7 27. h4 Qa5 28. Qd1
b5 29. axb5 axb5 30. Ra2 Qb6 31. Bb2 Nb4 32. Raa1 Bg6 33. h5 Nxd3 34. Nxd3 Bxe4
35. Kf2 Bxd3 36. Qxd3 Re3 0-1

[Event "Asuncion2"]
[Site "Asuncion"]
[Date "2012.01.28"]
[Round "9"]
[White "Delgado Ramirez, Neuris"]
[Black "Peralta, Eduardo"]
[Result "1-0"]
[WhiteElo "2575"]
[BlackElo "2228"]
[PlyCount "47"]
[EventDate "2012.01.20"]
[EventType "tourn"]
[EventRounds "9"]
[EventCountry "PAR"]
[EventCategory "1"]
[SourceTitle "CBM 146 Extra"]
[Source "ChessBase"]
[SourceDate "2012.02.29"]
[SourceVersion "1"]
[SourceVersionDate "2012.02.29"]
[SourceQuality "1"]

1. e4 c5 2. Nf3 d6 3. Bc4 Nf6 4. d3 e6 5. Bb3 Be7 6. O-O O-O 7. Re1 Nc6 8. c3
e5 9. Nbd2 b5 10. Nf1 Bb7 11. Ng3 Qd7 12. d4 Rad8 13. d5 Na5 14. Bc2 Bc8 15. a4
bxa4 16. Bxa4 Qc7 17. Bb5 Qb6 18. c4 a6 19. Bd2 axb5 20. Bxa5 Qb8 21. Bxd8 Bxd8
22. Qb3 b4 23. Qa4 Qc7 24. Qc6 1-0

[Event "Paraguay"]
[Site "Paraguay"]
[Date "2012.04.02"]
[Round "1"]
[White "Delgado Ramirez, Neuris"]
[Black "Rego, Vinicius Vilela"]
[Result "1-0"]
[WhiteElo "2587"]
[BlackElo "2274"]
[PlyCount "57"]
[EventDate "2012.04.02"]
[EventType "tourn"]
[EventRounds "9"]
[EventCountry "PAR"]
[EventCategory "3"]
[SourceTitle "CBM 147 Extra"]
[Source "ChessBase"]
[SourceDate "2012.04.24"]
[SourceVersion "1"]
[SourceVersionDate "2012.04.24"]
[SourceQuality "1"]

1. e4 c5 2. Nf3 d6 3. c3 Nf6 4. h3 Nc6 5. Bd3 e5 6. Bc2 Be7 7. d4 O-O 8. O-O
Qc7 9. d5 Na5 10. Re1 Bd7 11. Nbd2 b5 12. Nf1 c4 13. g4 Nb7 14. Ng3 Nc5 15. Kh1
Kh8 16. Rg1 a5 17. Qe2 Rab8 18. Nf5 Ng8 19. Nxe7 Nxe7 20. Nh4 b4 21. Nf5 Nxf5
22. gxf5 Rg8 23. Qh5 Ba4 24. Bxa4 Nxa4 25. Rg4 g6 26. Qh4 h5 27. Bg5 Kg7 28.
Be7 Qxe7 29. Rxg6+ 1-0

[Event "Paraguay"]
[Site "Paraguay"]
[Date "2012.04.03"]
[Round "2"]
[White "Peralta, Eduardo"]
[Black "Delgado Ramirez, Neuris"]
[Result "0-1"]
[WhiteElo "2265"]
[BlackElo "2587"]
[PlyCount "74"]
[EventDate "2012.04.02"]
[EventType "tourn"]
[EventRounds "9"]
[EventCountry "PAR"]
[EventCategory "3"]
[SourceTitle "CBM 147 Extra"]
[Source "ChessBase"]
[SourceDate "2012.04.24"]
[SourceVersion "1"]
[SourceVersionDate "2012.04.24"]
[SourceQuality "1"]

1. Nf3 Nf6 2. g3 b5 3. Bg2 Bb7 4. O-O g6 5. d3 Bg7 6. e4 O-O 7. Nbd2 d6 8. a4
a6 9. Re1 Nfd7 10. Nb3 c5 11. c3 Nc6 12. d4 c4 13. Nbd2 Rc8 14. b4 bxa4 15.
Qxa4 Na7 16. Qc2 Nb5 17. Nf1 Rc7 18. Bd2 e6 19. Re2 Qa8 20. h4 Nf6 21. Ne1 e5
22. d5 Nd7 23. Ne3 Nd4 24. Qd1 Nxe2+ 25. Qxe2 Nb6 26. Nf3 Bc8 27. h5 Bd7 28.
hxg6 hxg6 29. Nh4 a5 30. Ng4 Bxg4 31. Qxg4 Ra7 32. b5 Qc8 33. Qe2 Qe8 34. Be3
Qxb5 35. Nf3 a4 36. Nd2 a3 37. Bf1 Raa8 0-1

[Event "Paraguay"]
[Site "Paraguay"]
[Date "2012.04.04"]
[Round "3"]
[White "Delgado Ramirez, Neuris"]
[Black "Mendez Ataria, Ernesto"]
[Result "1-0"]
[WhiteElo "2587"]
[BlackElo "2358"]
[PlyCount "71"]
[EventDate "2012.04.02"]
[EventType "tourn"]
[EventRounds "9"]
[EventCountry "PAR"]
[EventCategory "3"]
[SourceTitle "CBM 147 Extra"]
[Source "ChessBase"]
[SourceDate "2012.04.24"]
[SourceVersion "1"]
[SourceVersionDate "2012.04.24"]
[SourceQuality "1"]

1. e4 c6 2. Nf3 d5 3. exd5 cxd5 4. Ne5 Nf6 5. d4 g6 6. Bb5+ Nbd7 7. c3 Bg7 8.
f4 O-O 9. Nd2 Ne8 10. O-O Nd6 11. Bd3 Nf6 12. Qe1 Qb6 13. h3 h5 14. Kh2 Qc7 15.
Rg1 Bf5 16. Be2 Nfe4 17. Ndf3 f6 18. Nd3 Be6 19. Nd2 Nxd2 20. Bxd2 Bf7 21. Bf3
Nc4 22. b3 Nxd2 23. Qxd2 Rac8 24. Rac1 Rfe8 25. Kh1 Bh6 26. g4 hxg4 27. Bxg4
Rcd8 28. Qg2 Kh8 29. Be6 Rf8 30. Bxf7 Rxf7 31. Qxg6 Rh7 32. Rg4 Bg7 33. Rg3 Qd7
34. f5 Qd6 35. Rcg1 Rg8 36. Qg4 1-0

[Event "Paraguay"]
[Site "Paraguay"]
[Date "2012.04.05"]
[Round "4"]
[White "Delgado Ramirez, Neuris"]
[Black "Latorre Lopez Moreira, Luis Matias"]
[Result "1-0"]
[WhiteElo "2587"]
[BlackElo "2252"]
[PlyCount "93"]
[EventDate "2012.04.02"]
[EventType "tourn"]
[EventRounds "9"]
[EventCountry "PAR"]
[EventCategory "3"]
[SourceTitle "CBM 147 Extra"]
[Source "ChessBase"]
[SourceDate "2012.04.24"]
[SourceVersion "1"]
[SourceVersionDate "2012.04.24"]
[SourceQuality "1"]

1. e4 e5 2. Nf3 Nc6 3. Bb5 f5 4. Nc3 fxe4 5. Nxe4 Nf6 6. Qe2 d5 7. Nxf6+ gxf6
8. d4 Bg7 9. dxe5 O-O 10. Bxc6 bxc6 11. e6 Re8 12. O-O Rxe6 13. Qd3 c5 14. Rd1
c6 15. c4 Ba6 16. Be3 Bxc4 17. Qc2 Qe8 18. b3 Ba6 19. Qxc5 Be2 20. Nd4 Rxe3 21.
fxe3 Qxe3+ 22. Kh1 Bxd1 23. Rxd1 Re8 24. h3 f5 25. Qxc6 Bxd4 26. Qxd5+ Qe6 27.
Rxd4 Kf7 28. Qxe6+ Kxe6 29. Ra4 Re7 30. Ra5 Kf6 31. Kh2 Rg7 32. Kg1 Kg5 33. Kf2
h5 34. Ra4 h4 35. g3 hxg3+ 36. Kxg3 Rh7 37. Ra5 Rd7 38. h4+ Kf6 39. Kf3 Rh7 40.
Ke3 Ke6 41. h5 Rd7 42. Ra4 Ke5 43. h6 Rh7 44. Ra5+ Kf6 45. Kf4 Rxh6 46. Ra6+
Kg7 47. Rxh6 1-0

[Event "Paraguay"]
[Site "Paraguay"]
[Date "2012.04.05"]
[Round "5"]
[White "Salinas Herrera, Pablo Patricio"]
[Black "Delgado Ramirez, Neuris"]
[Result "0-1"]
[WhiteElo "2366"]
[BlackElo "2587"]
[PlyCount "50"]
[EventDate "2012.04.02"]
[EventType "tourn"]
[EventRounds "9"]
[EventCountry "PAR"]
[EventCategory "3"]
[SourceTitle "CBM 147 Extra"]
[Source "ChessBase"]
[SourceDate "2012.04.24"]
[SourceVersion "1"]
[SourceVersionDate "2012.04.24"]
[SourceQuality "1"]

1. e4 c5 2. Nf3 d6 3. d4 cxd4 4. Nxd4 Nf6 5. Nc3 a6 6. Bg5 e6 7. f4 h6 8. Bh4
Nbd7 9. Qf3 e5 10. fxe5 Nxe5 11. Qe2 Be7 12. O-O-O Bg4 13. Nf3 Rc8 14. h3 Bxf3
15. gxf3 Rxc3 16. bxc3 Qa5 17. Qe3 Ng6 18. Bf2 Ng4 19. hxg4 Bg5 20. Kb2 Bxe3
21. Bxe3 Qc7 22. f4 O-O 23. Rh3 Rc8 24. c4 b5 25. Rd4 Qa5 0-1

[Event "Paraguay"]
[Site "Paraguay"]
[Date "2012.04.06"]
[Round "6"]
[White "Delgado Ramirez, Neuris"]
[Black "Garcia, Raimundo"]
[Result "1/2-1/2"]
[WhiteElo "2587"]
[BlackElo "2338"]
[PlyCount "102"]
[EventDate "2012.04.02"]
[EventType "tourn"]
[EventRounds "9"]
[EventCountry "PAR"]
[EventCategory "3"]
[SourceTitle "CBM 147 Extra"]
[Source "ChessBase"]
[SourceDate "2012.04.24"]
[SourceVersion "1"]
[SourceVersionDate "2012.04.24"]
[SourceQuality "1"]

1. e4 c5 2. Nf3 e6 3. Nc3 a6 4. g3 b5 5. Bg2 Bb7 6. d3 d6 7. O-O Nc6 8. Ng5 Nf6
9. f4 h6 10. Nh3 b4 11. Ne2 Qb6 12. Nf2 Be7 13. Be3 Qc7 14. a3 d5 15. e5 d4 16.
Bd2 Nd5 17. axb4 cxb4 18. Bxd5 exd5 19. Kg2 h5 20. Ng1 Bc5 21. Nf3 Ne7 22. Nh4
Bc8 23. Qf3 g6 24. Rfe1 Qc6 25. b3 a5 26. h3 Be6 27. Ra2 Kd7 28. Rea1 Bb6 29.
Rh1 Kc7 30. g4 hxg4 31. hxg4 Qd7 32. Qg3 Kb7 33. Nf3 Rxh1 34. Kxh1 Bc5 35. Kg2
a4 36. bxa4 Rxa4 37. Rb2 Nc6 38. Ng5 Kb6 39. Qh3 Ra1 40. Qh7 Qa7 41. Nxe6 fxe6
42. Qxa7+ Kxa7 43. Kf3 Ka6 44. Ke2 Ka5 45. Nh3 Be7 46. f5 exf5 47. gxf5 gxf5
48. Nf4 Rh1 49. Nxd5 Rh2+ 50. Kd1 Rh1+ 51. Ke2 Rh2+ 1/2-1/2

[Event "Paraguay"]
[Site "Paraguay"]
[Date "2012.04.07"]
[Round "7"]
[White "Vazquez, Guillermo"]
[Black "Delgado Ramirez, Neuris"]
[Result "0-1"]
[WhiteElo "2296"]
[BlackElo "2587"]
[PlyCount "57"]
[EventDate "2012.04.02"]
[EventType "tourn"]
[EventRounds "9"]
[EventCountry "PAR"]
[EventCategory "3"]
[SourceTitle "CBM 147 Extra"]
[Source "ChessBase"]
[SourceDate "2012.04.24"]
[SourceVersion "1"]
[SourceVersionDate "2012.04.24"]
[SourceQuality "1"]

1. e4 c5 2. Nf3 d6 3. Bb5+ Bd7 4. Bxd7+ Nxd7 5. O-O Ngf6 6. Re1 g6 7. b3 Bg7 8.
Bb2 O-O 9. d4 cxd4 10. Nxd4 Nc5 11. Nc3 a6 12. a4 Rc8 13. a5 e6 14. Qe2 Qc7 15.
Red1 Rfe8 16. Ra2 d5 17. exd5 exd5 18. Qf3 Nce4 19. Nce2 Nd7 20. Raa1 Ne5 21.
Qh3 Nc6 22. Qd3 Nb4 23. Qh3 Nxc2 24. Rac1 Qxa5 25. Rxc2 Rxc2 26. Nxc2 Bxb2 27.
Ne3 Nf6 28. Qh4 Qb5 29. Nd4 0-1

[Event "Paraguay"]
[Site "Paraguay"]
[Date "2012.04.07"]
[Round "8"]
[White "Delgado Ramirez, Neuris"]
[Black "Valiente, Cristobal"]
[Result "1-0"]
[WhiteElo "2587"]
[BlackElo "2257"]
[PlyCount "87"]
[EventDate "2012.04.02"]
[EventType "tourn"]
[EventRounds "9"]
[EventCountry "PAR"]
[EventCategory "3"]
[SourceTitle "CBM 147 Extra"]
[Source "ChessBase"]
[SourceDate "2012.04.24"]
[SourceVersion "1"]
[SourceVersionDate "2012.04.24"]
[SourceQuality "1"]

1. e4 c5 2. Nf3 e6 3. Nc3 a6 4. g3 d6 5. Bg2 Nf6 6. O-O Be7 7. e5 dxe5 8. Nxe5
O-O 9. a4 Nd5 10. Re1 Nc6 11. Nxc6 bxc6 12. d3 Rb8 13. Ne4 e5 14. Nd2 f6 15.
Nc4 Bf5 16. Qe2 Re8 17. Be4 Qd7 18. Qh5 g6 19. Bxf5 Qxf5 20. Qxf5 gxf5 21. Bd2
Kf7 22. Re2 Bf8 23. Rae1 Nb6 24. Nxb6 Rxb6 25. b3 Rbb8 26. f4 Bd6 27. Kg2 Rb7
28. fxe5 fxe5 29. Rf1 Kg6 30. g4 Rf7 31. gxf5+ Rxf5 32. Re4 Rxf1 33. Kxf1 Kf5
34. Be3 Rg8 35. Rh4 Rg7 36. Rh6 Rd7 37. Kg2 e4 38. Rh5+ Kg6 39. Rg5+ Kf6 40.
dxe4 Be5 41. Rh5 Rg7+ 42. Kf3 Rf7 43. Bf4 Bd4 44. c3 1-0

[Event "Paraguay"]
[Site "Paraguay"]
[Date "2012.04.08"]
[Round "9"]
[White "Villalba, Marcelo"]
[Black "Delgado Ramirez, Neuris"]
[Result "1/2-1/2"]
[WhiteElo "2213"]
[BlackElo "2587"]
[PlyCount "43"]
[EventDate "2012.04.02"]
[EventType "tourn"]
[EventRounds "9"]
[EventCountry "PAR"]
[EventCategory "3"]
[SourceTitle "CBM 147 Extra"]
[Source "ChessBase"]
[SourceDate "2012.04.24"]
[SourceVersion "1"]
[SourceVersionDate "2012.04.24"]
[SourceQuality "1"]

1. e4 c5 2. Nf3 d6 3. Bb5+ Nd7 4. d4 a6 5. Bxd7+ Bxd7 6. dxc5 dxc5 7. Nc3 e6 8.
Bg5 f6 9. Bh4 Qb6 10. Ne5 Bc6 11. Qh5+ g6 12. Qg4 fxe5 13. Qxe6+ Ne7 14. Nd5
Qa5+ 15. c3 Bxd5 16. exd5 Qa4 17. Bxe7 Qe4+ 18. Kd2 Qf4+ 19. Ke1 Qe4+ 20. Kd2
Qf4+ 21. Ke1 Qe4+ 22. Kd2 1/2-1/2